[Event "Corfu op"]
[Site "Corfu"]
[Date "2007.10.10"]
[Round "9"]
[White "Georgiadis, Alexandros"]
[Black "Agistriotis, Mihail"]
[Result "1/2-1/2"]
[WhiteElo "1882"]
[BlackElo "2069"]
[PlyCount "30"]
[EventDate "2007.10.01"]
[EventType "swiss"]
[EventRounds "9"]
[EventCountry "GRE"]
[SourceTitle "CBM 120 Extra"]
[Source "ChessBase"]
[SourceDate "2007.11.01"]
[SourceVersion "1"]
[SourceVersionDate "2007.11.01"]
[SourceQuality "1"]

1. Nf3 d5 2. g3 c6 3. Bg2 Bf5 4. 0-0 Nf6 5. d3 e6 6. Nbd2 Be7 7. h3 h6 8. c4 0-0 9. b3 Nbd7 10. Bb2 Qa5 11. Qc2 Ba3 12. Bc3 Bb4 13. Bb2 Ba3 14. Bc3 Bb4 15. Bb2 Ba3 1/2-1/2

[Event "Corfu op"]
[Site "Corfu"]
[Date "2007.10.06"]
[Round "6"]
[White "Merettig, Georg"]
[Black "Agistriotis, Mihail"]
[Result "1/2-1/2"]
[WhiteElo "1986"]
[BlackElo "2069"]
[PlyCount "81"]
[EventDate "2007.10.01"]
[EventType "swiss"]
[EventRounds "9"]
[EventCountry "GRE"]
[SourceTitle "CBM 120 Extra"]
[Source "ChessBase"]
[SourceDate "2007.11.01"]
[SourceVersion "1"]
[SourceVersionDate "2007.11.01"]
[SourceQuality "1"]

1. Nc3 d5 2. e4 d4 3. Nce2 e5 4. d3 Bb4+ 5. c3 Ba5 6. f4 dxc3 7. bxc3 Nc6 8. fxe5 Bg4 9. Bd2 Qxd3 10. Qb3 Nge7 11. Ng3 Qd8 12. Qa4 0-0 13. h3 Be6 14. Nf3 Bb6 15. Rd1 Qc8 16. c4 Ng6 17. Qc2 Ba5 18. Bxa5 Nxa5 19. Qc3 b6 20. h4 h6 21. h5 Ne7 22. Bd3 c5 23. 0-0 Nac6 24. Bb1 Qc7 25. Nf5 Rad8 26. Nd6 Nc8 27. Nf5 Rxd1 28. Rxd1 Rd8 29. Rd5 Bxd5 30. exd5 Nd4 31. N3xd4 cxd4 32. Qg3 f6 33. Nxh6+ Kf8 34. Qg6 gxh6 35. Qxf6+ Kg8 36. Bf5 Re8 37. Qg6+ Kf8 38. e6 Qg7 39. d6 Qxg6 40. Bxg6 Rxe6 41. d7 1/2-1/2

[Event "Valle d'Aosta op 9th"]
[Site "Saint Vincent"]
[Date "2001.02.03"]
[Round "1"]
[White "Agistriotis, Mihail"]
[Black "Cebalo, Miso"]
[Result "0-1"]
[WhiteElo "2090"]
[BlackElo "2473"]
[PlyCount "102"]
[EventDate "2001.02.03"]
[EventType "swiss"]
[EventRounds "9"]
[EventCountry "ITA"]
[SourceTitle "CBM 080 Extra"]
[Source "ChessBase"]
[SourceDate "2001.03.08"]
[SourceVersion "1"]
[SourceVersionDate "2001.03.08"]
[SourceQuality "1"]

1. d4 Nf6 2. Nf3 e6 3. Bf4 c5 4. e3 b6 5. Nbd2 cxd4 6. exd4 Bb7 7. Bd3 Be7 8. 0-0 d6 9. c3 Nbd7 10. Nc4 Qc7 11. a4 a6 12. Qe2 0-0 13. Ng5 Rfe8 14. h4 Bf8 15. Rfe1 Bc6 16. Qc2 g6 17. f3 b5 18. axb5 axb5 19. Rxa8 Rxa8 20. Na3 Qb7 21. Qe2 e5 22. dxe5 dxe5 23. Bc1 Bc5+ 24. Kh2 Bxa3 25. bxa3 Ra4 26. c4 b4 27. axb4 Rxb4 28. Ba3 Rb3 29. Bd6 Rb2 30. Qf1 h6 31. Ne4 Nh5 32. Rb1 Nf4 33. Rxb2 Qxb2 34. c5 Kg7 35. Kg3 Qd4 36. Bb1 Bxe4 37. Bxe4 Nxc5 38. Bxc5 Qxc5 39. Qa1 Qe7 40. Qa6 g5 41. Qc8 gxh4+ 42. Kh2 Qg5 43. Qg4 Qxg4 44. fxg4 Ne6 45. Bf5 Kf6 46. Kh3 Kg5 47. g3 hxg3 48. Kxg3 Ng7 49. Bc2 h5 50. gxh5 Nxh5+ 51. Kf3 f5 0-1

[Event "Ano Liosia op"]
[Site "Athens"]
[Date "1997.??.??"]
[Round "2"]
[White "Velickovic, Sasa"]
[Black "Agistriotis, Mihail"]
[Result "1-0"]
[WhiteElo "2395"]
[BlackElo "2090"]
[PlyCount "51"]
[EventDate "1997.01.??"]
[EventType "swiss"]
[EventRounds "9"]
[EventCountry "GRE"]
[SourceTitle "EXT 1998"]
[Source "ChessBase"]
[SourceDate "1997.11.17"]
[SourceVersion "1"]
[SourceVersionDate "1997.11.17"]
[SourceQuality "1"]

1. e4 e6 2. Qe2 Be7 3. Nf3 d5 4. d3 Nf6 5. g3 c5 6. Bg2 Nc6 7. 0-0 dxe4 8. dxe4 e5 9. c3 0-0 10. Nbd2 Qc7 11. Re1 h6 12. Nf1 Be6 13. Nh4 Rfe8 14. Ne3 Rad8 15. Nhf5 Bf8 16. Qf3 Rd7 17. Nxh6+ Kh8 18. Nhg4 Nxg4 19. Nxg4 b5 20. Ne3 b4 21. Nd5 Qa5 22. Be3 bxc3 23. bxc3 Red8 24. Bg5 Rb8 25. Qh5+ Kg8 26. Nf6+ 1-0